000 00614cam a22002052 4500
001 0000020892
005 20151217155230.0
008 111028s xx 000 0 eng d
020 _a9966055673 :
040 _aKABU
_cKABU
100 1 _aPeter, M.
_@0000181550
245 1 0 _aIntroduction to law :
_bquestions & answers /
_cM. Peter.
250 _a1st ed.
260 _aNairobi :
_bPilot Publishers,
_c2010.
300 _axiii, 310 p.
650 0 _aLaw
_zKenya.
_xExaminations, questions, etc.
_@0000153412
852 1 _9p750 KES
908 _a111028
950 _@1
999 _c12167
_d12167